000 00805nam a2200229Ia 4500
001 11286
003 GE_BSU
008 181216s||||||||xx |||||||||||||| ||und||
040 _cGE_BSU
080 _a547(075.8)
100 _aნაცვლიშვილი ვ.
245 _aორგანული ქიმიის კურსი
245 _bსახელმძღვ. სას-სამ. ინ-ტის სტუდენტებისათვის
245 _cრედ: შ. მიქაძე
260 _aთბილისი
260 _bგანათლება.
260 _c1984
300 _a522გვ. 22სმ.
300 _eსაძიებელი გვ. 505-518
653 _aორგანული ქიმიის კურსი
942 _cBK
999 _c44488
_d44488